00449nam a2200133Ia 4500008004100000020001800041050002100059100003600080245010800116260003100224300001800255650002000273650002200293120626s1985 mx 000 0 spa d a968-18-0251-9 aHM131 bG89 1985 aGúzman Valdivia, Isaaceautor aLa ciencia de la administraciónb: La dirección de los grupos humanos c/ Isaac Gúzman Valdivia aMéxicob: Limusac, 1985 a238 páginas 0aGRUPOS SOCIALES 0aADMINISTRACIÓN